| 000 | 00717nam a2200229Ii 4500 | ||
|---|---|---|---|
| 003 | JO-AjNU | ||
| 008 | 230605s9999||||xx |||||||||||||| ||und|| | ||
| 017 | _a2009/5/1805 | ||
| 020 | _a978-9957-22-280-2 | ||
| 040 |
_aJO-AjNU _bara _erda _cJO-AjNU |
||
| 041 | _aara | ||
| 050 | 1 | 4 | _aBF201.A2234.2010 |
| 100 | 3 |
_aعبد الهادي،فخري, _eauthor _931026 |
|
| 245 | 0 | 0 | _aعلم النفس المعرفي |
| 250 | _aط1 | ||
| 264 | 3 | 1 | _aعمان:دار اسامة للنشر والتوزيع ، 2010 |
| 300 | _a304ص | ||
| 336 |
_atext _btxt _2rdacontent |
||
| 337 |
_aunmediated _bn _2rdamedia |
||
| 338 |
_avolume _bnc _2rdacarrier |
||
| 650 | 4 |
_aعلم النفس المعرفي-علم النفس _931027 |
|
| 999 |
_aA12365 _c15933 _d15933 |
||